NFL Teams #1 Receiver 2022 - Statistics

General Stats
  • This quiz has been taken 31 times
  • The average score is 25 of 32
Answer Stats
Hint Answer % Correct
Dolphins Tyreek Hill
100%
Vikings Justin Jefferson
97%
Bills Stefon Diggs
97%
Eagles A.J. Brown
93%
Cowboys CeeDee Lamb
93%
Raiders Davante Adams
93%
Bengals Ja'marr Chase
93%
Chargers Keenan Allen
93%
Cardinals Marquise Brown
93%
Buccaneers Mike Evans
93%
Browns Amari Cooper
90%
49ers Deebo Samuel
90%
Chiefs JuJu Smith-Schuster
90%
Lions Amon-Ra St. Brown
87%
Rams Cooper Kupp
87%
Colts Michael Pittman Jr.
87%
Commanders Terry McLaurin
87%
Panthers DJ Moore
83%
Texans Brandin Cooks
80%
Jaguars Christian Kirk
77%
Broncos Courtland Sutton
77%
Steelers Diontae Johnson
77%
Jets Elijah Moore
77%
Saints Michael Thomas
77%
Falcons Drake London
70%
Packers Allen Lazard
67%
Patriots Jakobi Meyers
63%
Bears Darnell Mooney
60%
Giants Kenny Golladay
57%
Ravens Rashod Bateman
57%
Titans Robert Woods
57%
Seahawks Tyler Lockette
0%
No matching quizzes found
Score Distribution
Percent of People with Each Score
Percentile by Number Answered
Your Score History
You have not taken this quiz